| 000 | 01246cab a2200205 4500 | ||
|---|---|---|---|
| 001 | L136573 | ||
| 008 | 070208n2007 000 0 eng u | ||
| 035 | _a(Sirsi) u136573 | ||
| 041 | 0 | _aeng | |
| 110 | 2 |
_aHBOS plc _94703 |
|
| 245 | 0 | 0 |
_aEstate agents need compulsory licensing _h[electronic resource] |
| 260 |
_aHalifax _bHBOS plc _c2007 |
||
| 520 | _aProvides details of the call from Halifax Estate Agents (HEA) to the government for the licensing of all estate agents through approved bodies, including existing professional institutions; minimum training and competency standards; a summary box on all agency agreements to improve customer clarity and choice; and new national quality standards to be defined through consultation. Included are details of the Consumers, Estate Agents and Redress Bill currently being considered in Parliament and details of the current law. | ||
| 590 | _aKA | ||
| 650 | 2 | 4 | _aCONSUMERS, ESTATE AGENTS AND REDRESS BILL 2006 |
| 651 | 4 |
_aEngland and Wales _y1543- |
|
| 690 | _aMANAGEMENT-BUSINESS MANAGEMENT-PROFESSIONAL PRACTICE | ||
| 856 | 4 | 0 |
_uhttps://www.hbosplc.com/media/pressreleases/articles/halifax/2007-01-30-00-halifax.asp _zView the press release free of charge at www.hbosplc.com... |
| 942 | _n0 | ||
| 999 |
_c78350 _d78350 |
||